Benfica Champions League Winner Starting XI - Statistics

General Stats
  • This quiz has been taken 298 times
  • The average score is 3 of 13
Answer Stats
Player % Correct
Eusébio
99%
José Águas
36%
Mário Coluna
32%
Costa Pereira
24%
José Augusto
24%
António Simões
22%
Germano
16%
Ângelo Martins
14%
Domiciano Cavém
13%
Santana
12%
Fernando Cruz
11%
Mário João
11%
José Neto
9%
No matching quizzes found
Score Distribution
Percent of People with Each Score
Percentile by Number Answered
Your Score History
You have not taken this quiz